[Event "HUN-chT U18"]
[Site "Miskolc"]
[Date "2009.10.29"]
[Round "6.20"]
[White "Kiraly, Mate"]
[Black "Hajdu, Sandor"]
[Result "1/2-1/2"]
[WhiteElo "1734"]
[BlackElo "1946"]
[PlyCount "72"]
[EventDate "2009.10.26"]
[EventType "team-swiss"]
[EventRounds "8"]
[EventCountry "HUN"]
[SourceTitle "EXT 2016"]
[Source "ChessBase"]
[SourceDate "2015.10.08"]
[SourceVersion "1"]
[SourceVersionDate "2015.10.08"]
[SourceQuality "1"]

1. e4 Nf6 2. Nc3 d5 3. e5 Ne4 4. Nxe4 dxe4 5. d4 exd3 6. Qxd3 Nd7 7. Bf4 c6 8. Nf3 Qb6 9. Qb3 g6 10. Bc4 Qxb3 11. Bxb3 Nc5 12. 0-0 Bg7 13. Rad1 Bg4 14. Rd2 Bxf3 15. gxf3 Nxb3 16. axb3 Rd8 17. Rfd1 Rxd2 18. Rxd2 g5 19. Bg3 h5 20. h3 Rh6 21. Kf1 f5 22. f4 g4 23. h4 c5 24. c4 Rb6 25. Rd3 e6 26. Ke2 Bf8 27. Kd2 Be7 28. Kc2 Bd8 29. Rd1 Ra6 30. Kb1 Ba5 31. Bh2 Rb6 32. Kc2 Rb4 33. Ra1 b6 34. Bg3 Kd7 35. Rd1+ Ke7 36. Ra1 a6 1/2-1/2

[Event "HUN-chT U18"]
[Site "Miskolc"]
[Date "2009.10.28"]
[Round "4.21"]
[White "Molnar, Andras"]
[Black "Hajdu, Sandor"]
[Result "0-1"]
[WhiteElo "1620"]
[BlackElo "1946"]
[PlyCount "80"]
[EventDate "2009.10.26"]
[EventType "team-swiss"]
[EventRounds "8"]
[EventCountry "HUN"]
[SourceTitle "EXT 2016"]
[Source "ChessBase"]
[SourceDate "2015.10.08"]
[SourceVersion "1"]
[SourceVersionDate "2015.10.08"]
[SourceQuality "1"]

1. d4 f5 2. Nf3 Nf6 3. Bg5 h6 4. Bxf6 exf6 5. e3 d5 6. c4 Be6 7. cxd5 Qxd5 8. Nc3 Qa5 9. Qa4+ Qxa4 10. Nxa4 Bb4+ 11. Nc3 Nd7 12. a3 Ba5 13. b4 Bb6 14. Nh4 a5 15. b5 a4 16. Bd3 Ba5 17. Rc1 Nb6 18. Nxf5 Bxf5 19. Bxf5 Nd5 20. Bg6+ Ke7 21. Kd2 c6 22. bxc6 Rac8 23. Kd3 Nxc3 24. Rxc3 Bxc3 25. Kxc3 Rxc6+ 26. Kd2 f5 27. Bxf5 Rf6 28. Be4 Rxf2+ 29. Kc3 Re2 30. Kd3 Rb2 31. Rc1 Kd6 32. Rc4 Re8 33. d5 Rb3+ 34. Kd4 Rxa3 35. Rb4 Kc7 36. d6+ Kxd6 37. Rb6+ Kc7 38. Rxb7+ Kc8 39. Rxg7 Rb3 40. Ra7 Rb4+ 0-1

[Event "Senta op-B 13th"]
[Site "Senta"]
[Date "2009.07.23"]
[Round "7"]
[White "Kovacs, Istvan1111"]
[Black "Hajdu, Sandor"]
[Result "1/2-1/2"]
[WhiteElo "1803"]
[BlackElo "1986"]
[PlyCount "41"]
[EventDate "2009.07.18"]
[EventType "swiss"]
[EventRounds "9"]
[EventCountry "YUG"]
[SourceTitle "EXT 2012"]
[Source "ChessBase"]
[SourceDate "2011.11.24"]
[SourceVersion "1"]
[SourceVersionDate "2011.11.24"]
[SourceQuality "1"]

1. c4 g6 2. Nf3 Bg7 3. d4 Nf6 4. Nc3 d5 5. Bg5 Ne4 6. e3 Nxg5 7. Nxg5 0-0 8. cxd5 e6 9. Nf3 exd5 10. Bd3 c5 11. dxc5 Qa5 12. 0-0 Qxc5 13. Rc1 Nc6 14. Be2 Qb4 15. Nxd5 Qxb2 16. Bc4 Ne5 17. Nxe5 Qxe5 18. f4 Qd6 19. Qb3 Rb8 20. a4 Bf5 21. Rfd1 1/2-1/2

[Event "Senta op-B 13th"]
[Site "Senta"]
[Date "2009.07.21"]
[Round "5"]
[White "Vince, Andrea"]
[Black "Hajdu, Sandor"]
[Result "1-0"]
[WhiteElo "2092"]
[BlackElo "1986"]
[PlyCount "84"]
[EventDate "2009.07.18"]
[EventType "swiss"]
[EventRounds "9"]
[EventCountry "YUG"]
[SourceTitle "EXT 2012"]
[Source "ChessBase"]
[SourceDate "2011.11.24"]
[SourceVersion "1"]
[SourceVersionDate "2011.11.24"]
[SourceQuality "1"]

1. d4 Nf6 2. c4 Nc6 3. Nc3 e5 4. d5 Ne7 5. Nf3 Ng6 6. h4 h5 7. Bg5 Bc5 8. e3 d6 9. Bd3 c6 10. Qc2 Ne7 11. a3 Ng4 12. Bxe7 Qxe7 13. Be4 Qc7 14. b4 Bb6 15. dxc6 bxc6 16. Nb5 cxb5 17. Bxa8 Be6 18. Be4 Bxc4 19. Bd3 0-0 20. Bxc4 bxc4 21. Qe4 Nf6 22. Qf5 Qe7 23. Rc1 g6 24. Qg5 Qe6 25. Nd2 Kg7 26. Qg3 d5 27. 0-0 Rc8 28. a4 a5 29. bxa5 Bxa5 30. Nf3 Ng4 31. Rb1 f6 32. Nh2 c3 33. Nxg4 hxg4 34. Rb7+ Kf8 35. Rc1 c2 36. Rb2 Qf5 37. e4 Qxe4 38. Qa3+ Kg7 39. Qe7+ Kh6 40. Rb7 g5 41. Qg7+ Kh5 42. Qf7+ Qg6 1-0

[Event "Senta op-B 13th"]
[Site "Senta"]
[Date "2009.07.20"]
[Round "4"]
[White "Hajdu, Sandor"]
[Black "Kovacs, Arthur"]
[Result "1/2-1/2"]
[WhiteElo "1986"]
[BlackElo "2141"]
[PlyCount "145"]
[EventDate "2009.07.18"]
[EventType "swiss"]
[EventRounds "9"]
[EventCountry "YUG"]
[SourceTitle "EXT 2012"]
[Source "ChessBase"]
[SourceDate "2011.11.24"]
[SourceVersion "1"]
[SourceVersionDate "2011.11.24"]
[SourceQuality "1"]

1. c4 e6 2. d4 d5 3. Nf3 Nf6 4. Nc3 Be7 5. Bg5 h6 6. Bh4 0-0 7. e3 b6 8. Bd3 Bb7 9. 0-0 Nbd7 10. cxd5 exd5 11. a3 c5 12. Bf5 g6 13. Bb1 Ne4 14. Bxe7 Qxe7 15. Nd2 Rfe8 16. Ndxe4 dxe4 17. dxc5 Nxc5 18. b4 Red8 19. Qc2 Nd3 20. Ba2 Rac8 21. Qb3 Qf6 22. Nb5 Bd5 23. Qb1 Rc1 24. Qxc1 Nxc1 25. Rfxc1 Qb2 26. Bxd5 Rxd5 27. Nd4 Rd7 28. b5 h5 29. g3 h4 30. a4 h3 31. Rab1 Qd2 32. Rc4 Qd3 33. Rbc1 Rxd4 34. Rxd4 Qe2 35. Rcd1 Qf3 36. Kf1 Qh1+ 37. Ke2 Qxh2 38. Rxe4 Qg2 39. Rd8+ Kg7 40. Rh4 g5 41. Rh5 Kg6 42. Rdh8 g4 43. Rh4 Qf3+ 44. Ke1 f5 45. R4h6+ Kg5 46. Rd6 Qh1+ 47. Kd2 Qa1 48. Rhh6 Qb2+ 49. Kd3 Qg7 50. Rh4 Qf8 51. Rd4 Qa3+ 52. Ke2 Kf6 53. Rh5 Qa2+ 54. Ke1 Qb1+ 55. Ke2 Qc2+ 56. Ke1 Qc1+ 57. Ke2 Qb2+ 58. Ke1 Qa1+ 59. Ke2 Qa2+ 60. Ke1 Qb1+ 61. Ke2 Ke5 62. Rf4 Qc2+ 63. Ke1 Qb1+ 64. Ke2 Ke6 65. Rh6+ Kf7 66. e4 Kg7 67. Rh5 Qc2+ 68. Ke3 Qc3+ 69. Ke2 Qc4+ 70. Ke3 Qc3+ 71. Ke2 Qc2+ 72. Ke3 Qc3+ 73. Ke2 1/2-1/2

[Event "HUN-chT2 Barcza 0708"]
[Site "Hungary"]
[Date "2008.05.18"]
[Round "11"]
[White "Bakos, Levente"]
[Black "Hajdu, Sandor"]
[Result "1-0"]
[WhiteElo "2032"]
[BlackElo "1954"]
[PlyCount "59"]
[EventDate "2007.10.14"]
[EventType "team"]
[EventRounds "11"]
[EventCountry "HUN"]
[SourceTitle "EXT 2009"]
[Source "ChessBase"]
[SourceDate "2008.11.26"]
[SourceVersion "1"]
[SourceVersionDate "2008.11.26"]
[SourceQuality "1"]
[WhiteTeam "DEAC"]
[BlackTeam "Mezokovesd"]
[WhiteTeamCountry "HUN"]
[BlackTeamCountry "HUN"]

1. e4 d5 2. exd5 Qxd5 3. d4 e5 4. dxe5 Qxe5+ 5. Be2 Bg4 6. h3 Bxe2 7. Nxe2 Nf6 8. Nbc3 Nc6 9. Bf4 Qa5 10. 0-0 Rd8 11. Qe1 Be7 12. a3 0-0 13. b4 Qf5 14. Qc1 Bd6 15. Rd1 Bxf4 16. Qxf4 Rxd1+ 17. Rxd1 Qxc2 18. Qxc7 Ne4 19. Rc1 Qd2 20. Nxe4 Qxe2 21. Qxb7 Qxe4 22. Qxc6 Qd4 23. Qc5 Qb2 24. a4 h6 25. b5 Rd8 26. Qc7 Rd4 27. Qc8+ Kh7 28. Qf5+ g6 29. Qxf7+ Kh8 30. Rc8+ 1-0